| 000 | 00845nam a22002177a 4500 | ||
|---|---|---|---|
| 005 | 20240530110920.0 | ||
| 008 | 220221s1996 ua a g b 000 0 ara d | ||
| 040 |
_aEG-CaGPL _cEG-CaGPL |
||
| 082 | 0 | 4 |
_221 _a330.964 \ _bع م |
| 100 | 1 | _aعبدالحميد براهيمى | |
| 245 | 1 | 2 |
_aالمغرب العربى فى مفترق الطرق فى ظل التحولات العالمية / _cعبدالحميد براهيمى |
| 250 | _aط.1 | ||
| 260 |
_aبيروت : _bمركز دراسات الوحدة العربية، _c1996 |
||
| 300 |
_a483 ص؛ _c24 سم |
||
| 650 | 0 | 7 |
_aالمغرب العربى _2qrmak |
| 650 | 0 | 7 |
_aالتنمية الاقتصادية _2qrmak |
| 650 | 0 | 7 |
_aالوحدة المغاربية _2qrmak |
| 651 |
_2qrmak _aالمغرب - تاريخ |
||
| 942 |
_2ddc _cBK |
||
| 999 |
_c66464 _d66464 |
||